000
00335nam a2200145Ia 4500
008
150301s2006 xx 000 0 und d
082
_a
610
_b
D06G
100
_a
GUPTA, L.C.
245
_a
DIFFERENTIAL DIAGNISIS
250
_a
7TH
260
_b
JAYPEE
_a
DELHI
_c
2006
300
_a
946
650
_a
GENERAL MEDICINE
942
_2
ddc
_c
BK
_0
3
999
_c
6617
_d
6617